=LDR 00000nam 2200000 4500 =001 INLIS000000000039727 =005 20130612145334 =008 ***********************************ind** =035 ##$$a0010-061300000039727 =041 ##$$a ind =082 ##$$a 155.4 =090 ##$$a 155.4 , Sha,s =100 ##$$a SHARP, Timothi J =245 ##$$a Tha Scret of Happy children , 100 cara agar anak bahagia , Dr.Timothi J. Sharp =260 ##$$a Raih asa suksed $b Jakarta =300 ##$$a 220 hlm. , Illus , 20 cm =650 ##$$a PSIKOLOGI ANAK =700 ##$$a KOMARUDDIN, Isnaini =850 ##$$a NBPNMAT =990 ##$$a 21194872/BPAP-NTB/2014